Spring : (Record no. 355563)
[ view plain ]
| 000 -LEADER | |
|---|---|
| fixed length control field | 00460nam a2200193Ia 4500 |
| 008 - FIXED-LENGTH DATA ELEMENTS--GENERAL INFORMATION | |
| fixed length control field | 180207s9999 xx 000 0 und d |
| 020 ## - INTERNATIONAL STANDARD BOOK NUMBER | |
| International Standard Book Number | 9780590129724 |
| 050 ## - LIBRARY OF CONGRESS CALL NUMBER | |
| Item number | C471 1998 |
| 100 ## - MAIN ENTRY--PERSONAL NAME | |
| Personal name | Chardiet, Bernice |
| 245 ## - TITLE STATEMENT | |
| Title | Spring : |
| 245 ## - TITLE STATEMENT | |
| Remainder of title | songs to sing / |
| 245 ## - TITLE STATEMENT | |
| Statement of responsibility, etc | compiled by Bernice Chardiet. |
| 260 ## - PUBLICATION, DISTRIBUTION, ETC. (IMPRINT) | |
| Place of publication, distribution, etc | New York : |
| 260 ## - PUBLICATION, DISTRIBUTION, ETC. (IMPRINT) | |
| Name of publisher, distributor, etc | Scholastic, |
| 260 ## - PUBLICATION, DISTRIBUTION, ETC. (IMPRINT) | |
| Date of publication, distribution, etc | 1998 |
| 300 ## - PHYSICAL DESCRIPTION | |
| Extent | 64 pages : |
| 300 ## - PHYSICAL DESCRIPTION | |
| Other physical details | illustrations ; |
| 300 ## - PHYSICAL DESCRIPTION | |
| Dimensions | 19cm. |
| Withdrawn status | Lost status | Damaged status | Home library | Current library | Date acquired | Total Checkouts | Full call number | Barcode | Date last seen | Price effective from | Koha item type |
|---|---|---|---|---|---|---|---|---|---|---|---|
| Stonyhurst Southville International School (Malarayat) | Stonyhurst Southville International School (Malarayat) | 02/07/2018 | ER C471 1998 | SSISM5108 | 02/07/2018 | 02/07/2018 | Books |